000 03382nam0a2200397 4500
001 RU\NLR\BIBL_A\022710161
005 20260412094905.0
010 _a978-5-908069-00-7
_959
035 _a(NLR Aleph) 022710161
090 _a13653427
_c13653427
100 _a20260128d2025 u y0rusy50 ca
101 0 _arus
102 _aRU
105 _aa j 010yy
181 0 _ai3
_baxxe
182 0 _an
200 1 _aПротиводействие мошенничеству, совершаемому с использованием информационно-телекоммуникационных технологий
_eучебное пособие
_eдля курсантов и слушателей образовательных организаций системы МВД России, обучающихся по специальностям 40.05.01 Правовое обеспечение национальной безопасности и 40.05.02 Правоохранительная деятельность, направлениям подготовки 40.03.01 Юриспруденция, 40.03.02 Обеспечение законности и правопорядка
_fН. В. Голубых, кандидат юридических наук, доцент, А. П. Леонов, кандидат юридических наук, К. С. Малышев [и др.]
_gФедеральное государственное казенное образовательное учреждение высшего образования "Уральский юридический институт Министерства внутренних дел Российской Федерации"
203 _aТекст
_bвизуальный
_cнепосредственный
210 _aЕкатеринбург
_cУральский юридический институт МВД России
_d2025
215 _a99 с.
_cил., табл.
_d20
300 _aАвт. указаны на обороте тит. с.
300 _aНа обл.: Победа! 80
320 _aБиблиогр.: с. 74-76 и в подстроч. примеч.
606 1 _aПреступления, совершаемые с использованием информационных технологий
_jУчебные издания для высших учебных заведений
_xБорьба с ними
_92459540
_3RU\NLR\AUTH\6601679105
606 1 _aМошенничество в сфере компьютерной информации
_jУчебные издания для высших учебных заведений
_xРасследование
_yРоссийская Федерация
_92432860
_3RU\NLR\AUTH\6601666104
686 1 _aХ628.322я73
686 1 _aХ629.431.54я73
701 1 _aГолубых
_bН. В.
_gНикита Владимирович
701 1 _aЛеонов
_bА. П.
_cканд. юрид. наук, информ. технологии
_gАлександр Петрович
_9255035
_3RU\NLR\AUTH\770255091
701 1 _aМалышев
_bК. С.
_gКонстантин Сергеевич
712 0 2 _4475
_aУральский юридический институт
_cЕкатеринбург
_9483722
_3RU\NLR\AUTH\889993612
942 _cBOOK
980 _aNB